| 000 | 00583nam a2200229Ia 4500 | ||
|---|---|---|---|
| 003 | OSt | ||
| 005 | 20220918200618.0 | ||
| 006 | a|||||r|||| 00| 0 | ||
| 007 | ta | ||
| 008 | 220917b |||||||| |||| 00| 0 eng d | ||
| 024 | _a89,516 | ||
| 037 | _cTextual | ||
| 040 |
_aARTS _cARTS _beng |
||
| 041 |
_2eng _aeng |
||
| 082 | _aU47:1, H8 | ||
| 100 |
_aDavis Darrell Haug _994832 |
||
| 245 | 0 |
_aEarth and man _b a human georgraphy |
|
| 260 | _c1948 | ||
| 650 |
_aHUMAN GEOGRAPHY _91464 |
||
| 942 |
_hU47:1, H8 _cTEXL _2CC |
||
| 999 |
_c213186 _d213186 |
||